| 000 | 00804cab a2200181 4500 | ||
|---|---|---|---|
| 001 | ##L132347 | ||
| 008 | 060130n2006 000 0 eng u | ||
| 035 | _a(Sirsi) u132347 | ||
| 041 | 0 | _aeng | |
| 100 | 1 | _aNock, R. S. | |
| 245 | 0 | 0 | _aSDLT alert (2) |
| 260 | _c2006 | ||
| 490 | 0 |
_aSolicitors' Journal _v150(3), 27 January 2006, 81-83(3) |
|
| 520 | _aThe Stamp Duty Land Tax has recently undergone another amendment in a bid to provide a suitable system for taxing leases. Although it is the fifth attempt at ironing out the errors, it is argued that many charging and compliancy problems will remain. This is the second of a two-part feature, concentrating on the subject of compliance and completion of the tax form. | ||
| 590 | _aIKA310106 | ||
| 690 | _aPROPERTY-PROPERTY TAXATION | ||
| 942 | _n0 | ||
| 999 |
_c76407 _d76407 |
||